01092nam a22002777a 45000010005000000030006000050050017000110080041000280200018000690400029000870500016001160820012001321000019001442450090001632500042002532600037002953000050003325050008003825200248003905210029006385210020006676500031006876500039007186500028007577000029007857726FISKH20250801112411.0250801b cb ||||| |||| 00| 0 eng d a9780545458337 aFISKHbengcFISKHdFISKH a RA649 .P63 a616.009 aPlatt, Richard aPlagues, pox, and pestilence /cWritten by Richard Platt : Illustrated by John Kelly  aFirst Scholastic printing, March 2012 aNew York : bScholastic ,c2011. a48 pages : bcolor illustrations ; c24 cm .  aR  aProvides a history of disease and pestilence as told from the point of view of the bugs and pests that caused them, from common diseases such as influenza, malaria and tuberculosis to such rare diseases as leprosy, cholera, and bubonic plague.8 a670 bLexile estimate 8 aR bRaz-Plus  aInformationalvNon-fiction aCommunicable diseasesvNon-fiction aHuman bodyvNon-fiction aKelly, JohneIllustrator